[Event "GER-chT U16"]
[Site "Lingen"]
[Date "2015.12.30"]
[Round "7.4"]
[White "Brede, Robert"]
[Black "Hassemeier, Mika"]
[Result "0-1"]
[WhiteElo "1448"]
[BlackElo "1748"]
[PlyCount "80"]
[EventDate "2015.12.27"]
[EventType "team-swiss"]
[EventRounds "7"]
[EventCountry "GER"]
[SourceTitle "EXT 2017"]
[Source "ChessBase"]
[SourceDate "2016.10.25"]
[SourceVersion "1"]
[SourceVersionDate "2016.10.25"]
[SourceQuality "1"]
[WhiteTeam "Walldorf"]
[BlackTeam "Hoyerswerda"]
[WhiteTeamCountry "GER"]
[BlackTeamCountry "GER"]

1. c4 Nf6 2. Nc3 g6 3. g3 Bg7 4. Bg2 0-0 5. Nf3 d6 6. 0-0 e5 7. d3 c6 8. Bg5 h6 9. Bd2 Nh5 10. Rb1 a5 11. a3 f5 12. b4 f4 13. b5 g5 14. bxc6 bxc6 15. Be1 Be6 16. Nd2 Qc7 17. Qb3 Ra7 18. Nde4 g4 19. Nd2 Nd7 20. Qa4 Ra6 21. Bh1 Nc5 22. Qc2 Bf5 23. Nde4 Nxe4 24. Bxe4 Qf7 25. Bd2 Qe6 26. Qc1 Bxe4 27. Nxe4 f3 28. Re1 Qg6 29. Kh1 Rf5 30. Rb8+ Kh7 31. c5 d5 32. Nd6 Rf8 33. Rb7 fxe2 34. Rxe2 Qxd3 35. Re3 Qg6 36. Rxe5 Rxf2 37. Be3 Rf8 38. Bd4 Qd3 39. Qe3 Qd1+ 40. Kg2 Qf1# 0-1

[Event "GER-chT U14"]
[Site "Regensburg"]
[Date "2014.12.29"]
[Round "6.4"]
[White "Brede, Robert"]
[Black "De Rentiis, Davide Luca"]
[Result "1/2-1/2"]
[WhiteElo "1294"]
[BlackElo "1226"]
[PlyCount "107"]
[EventDate "2014.12.27"]
[EventType "team-swiss"]
[EventRounds "7"]
[EventCountry "GER"]
[SourceTitle "EXT 2016"]
[Source "ChessBase"]
[SourceDate "2015.10.08"]
[SourceVersion "1"]
[SourceVersionDate "2015.10.08"]
[SourceQuality "1"]
[WhiteTeam "Walldorf"]
[BlackTeam "Bebenhausen"]
[WhiteTeamCountry "GER"]
[BlackTeamCountry "GER"]

1. c4 f5 2. Nc3 Nf6 3. b3 g6 4. Bb2 Bg7 5. Nd5 0-0 6. Nxf6+ Bxf6 7. Bxf6 Rxf6 8. Nf3 d6 9. d4 e6 10. h4 Rf7 11. Qd2 Qf6 12. Rd1 Nd7 13. h5 Nf8 14. g3 e5 15. dxe5 dxe5 16. Qd8 Qxd8 17. Rxd8 Re7 18. Nh4 Re6 19. Bg2 e4 20. f3 Rd6 21. Rxd6 cxd6 22. hxg6 hxg6 23. fxe4 fxe4 24. Bxe4 Kg7 25. Rf1 Bh3 26. Rh1 Bc8 27. Rh2 Rb8 28. e3 Bg4 29. Rd2 Re8 30. Rd4 g5 31. Nf5+ Bxf5 32. Bxf5 Rxe3+ 33. Kf2 Re5 34. Bc8 b5 35. Rxd6 bxc4 36. bxc4 Rc5 37. Ba6 Ra5 38. Kf3 Rxa2 39. Kg4 Ra5 40. Bb5 Ra3 41. c5 Ra5 42. Ba6 Rxc5 43. Kh5 Re5 44. g4 Re6 45. Rxe6 Nxe6 46. Bc4 Kf6 47. Bxe6 Kxe6 48. Kxg5 Kf7 49. Kf5 Kg7 50. Ke5 Kg6 51. Kd5 Kg5 52. Kc5 Kxg4 53. Kb5 a5 54. Kxa5 1/2-1/2

[Event "GER-chT U14"]
[Site "Regensburg"]
[Date "2014.12.28"]
[Round "4.4"]
[White "Brede, Robert"]
[Black "Goetz, Michael"]
[Result "1-0"]
[WhiteElo "1294"]
[BlackElo "1314"]
[PlyCount "71"]
[EventDate "2014.12.27"]
[EventType "team-swiss"]
[EventRounds "7"]
[EventCountry "GER"]
[SourceTitle "EXT 2016"]
[Source "ChessBase"]
[SourceDate "2015.10.08"]
[SourceVersion "1"]
[SourceVersionDate "2015.10.08"]
[SourceQuality "1"]
[WhiteTeam "Walldorf"]
[BlackTeam "Porta Westfalica"]
[WhiteTeamCountry "GER"]
[BlackTeamCountry "GER"]

1. c4 c5 2. Nc3 Nc6 3. g3 g6 4. Bg2 Bg7 5. Nf3 e6 6. d3 Nge7 7. Be3 d6 8. 0-0 0-0 9. Qc1 Re8 10. Bh6 Bh8 11. Ne4 d5 12. Nxc5 a5 13. cxd5 Qxd5 14. Ne4 a4 15. Nfd2 Qd4 16. Rb1 b5 17. Be3 Qd7 18. Bg5 Qd4 19. Nf3 Qb6 20. Nf6+ Kf8 21. Bh6+ Bg7 22. Bxg7+ Kxg7 23. Nxe8+ Kf8 24. Nf6 Nf5 25. Ne5 Ra7 26. Qxc6 Qxc6 27. Bxc6 Nd4 28. e3 Nxc6 29. Nxc6 Ra6 30. Rbc1 Bb7 31. Nb4 Rd6 32. Rc7 Bf3 33. Nxh7+ Kg7 34. Ng5 Be2 35. Rfc1 Kf6 36. Ne4+ 1-0